Rating consultancy code of practice (Record no. 102908)

MARC details
000 -LEADER
fixed length control field 01356cam a2200229 4500
008 - FIXED-LENGTH DATA ELEMENTS--GENERAL INFORMATION
fixed length control field 030528n2004 000 0 eng u
020 ## - INTERNATIONAL STANDARD BOOK NUMBER
International Standard Book Number 1842191500
035 ## - SYSTEM CONTROL NUMBER
System control number (Sirsi) u122695
041 0# - LANGUAGE CODE
Language code of text/sound track or separate title eng
050 04 - LIBRARY OF CONGRESS CALL NUMBER
Classification number 336.21 $2 18
110 2# - MAIN ENTRY--CORPORATE NAME
Corporate name or jurisdiction name as entry element Royal Institution of Chartered Surveyors
9 (RLIN) 4900
245 00 - TITLE STATEMENT
Title Rating consultancy code of practice
260 ## - PUBLICATION, DISTRIBUTION, ETC.
Place of publication, distribution, etc. London
Name of publisher, distributor, etc. RICS
Date of publication, distribution, etc. 2004
300 ## - PHYSICAL DESCRIPTION
Extent iv, 18p.
Dimensions 30cm.
490 ## - SERIES STATEMENT
Series statement RICS Code of Practice
520 ## - SUMMARY, ETC.
Summary, etc. The "Rating consultancy code of practice" has been produced jointly by RICS, the Institute of Revenues Rating and Valuation and the Rating Surveyors Association. This code will be mandatory for RICS members offering services relating to business rates from 1 April 2004. Includes a downloadable information sheet for ratepayers. This document contains important information and must be provided as part of the written confirmation of the terms of engagement for rating consultancy advice. There are two separate information sheets: one for Scotland and one for England and Wales. It is supported by the Office of Fair Trading and the Valuation Office Agency.
520 ## - SUMMARY, ETC.
Summary, etc. Superseeded by second edition (ISBN 1842192396)
690 ## - LOCAL SUBJECT ADDED ENTRY--TOPICAL TERM (OCLC, RLIN)
Topical term or geographic name as entry element PROPERTY-PROPERTY TAXATION
710 2# - ADDED ENTRY--CORPORATE NAME
Corporate name or jurisdiction name as entry element Institute of Revenues, Rating and Valuation
9 (RLIN) 2992
710 2# - ADDED ENTRY--CORPORATE NAME
Corporate name or jurisdiction name as entry element Rating Surveyors' Association
9 (RLIN) 2328
942 ## - ADDED ENTRY ELEMENTS (KOHA)
Suppress in OPAC 0
Holdings
Withdrawn status Lost status Source of classification or shelving scheme Damaged status Not for loan Home library Current library Shelving location Date acquired Total Checkouts Full call number Barcode Date last seen Copy number Price effective from Koha item type Date last checked out
    Dewey Decimal Classification     London London RICS Boxes 24/03/2004   RICS 2004/4 30068810 06/08/2019 1 06/08/2019 Archive  
    Dewey Decimal Classification     London London RICS Boxes 24/03/2004   RICS 2004/4 30068806 06/08/2019 2 06/08/2019 Reference material  
    Dewey Decimal Classification     London London RICS Boxes 24/03/2004 2 RICS 2004/4 30068802 06/08/2019 3 06/08/2019 Book 14/12/2004